Les chansons de Lenie - Star Academy 2023 - Statistiques

Statistiques générales
  • Ce quiz a été pris 390 fois
  • Le résultat moyen est 25 sur 106
Statistiques - réponses
Artiste / Chanson Prime / Eval Avec qui ? Réponse % Correct
Chanson Hymne (Prime 2) Tous les élèves Au bout de mes rêves
86%
Artiste original Hymne (Prime 2) Tous les élèves Jean-Jacques Goldman
71%
Chanson Prime 1 Solo Si je m'en sors
67%
Artiste original Prime 1 Solo Julie Zenatti
59%
Chanson Prime 12 Solo (Surprise) Je ne vous oublie pas
52%
Chanson Prime 6 Héléna et Djebril L'assasymphonie
52%
Chanson Prime 9 Solo Pas toi
51%
Chanson Eval 5 Héléna et djebril Il avait les mots
47%
Artiste original Prime 7 A l'accord Arena Christophe Maé
46%
Chanson Prime 3 Solo Dance the night
45%
Chanson Prime 11 Héléna, Julien et Axel Je vais t'aimer
43%
Artiste original Eval 3 Djebril Lara Fabian et Maurane
43%
Chanson Eval 3 Djebril Tu es mon autre
43%
Chanson Prime 10 Djebril Lovely
42%
Chanson Prime 8 Aurélie Konaté What About us
42%
Chanson Prime 7 A l'accord Arena Il est où le bonheur
41%
Artiste original Eval 8 Solo Billie Eilish
40%
Artiste original Prime 12 Solo (Surprise) Céline Dion
40%
Chanson Prime 2 Jenifer Ma révolution
40%
Artiste original Eval 9 Solo Lara Fabian
39%
Chanson Prime 4 Vitaa A fleur de toi
38%
Artiste original Prime 3 Solo Dua Lipa
38%
Artiste original Prime 4 Vitaa Vitaa
38%
Artiste original Prime 2 Jenifer Jenifer
37%
Chanson Eval 1 Solo Si seulement je pouvais lui manquer
36%
Chanson Eval 9 Solo Je t'aime
35%
Artiste original Prime 6 Héléna et Djebril Mozart l'Opéra Rock (Florent Mothe)
35%
Chanson Prime 4 Djébril Bye bye
34%
Artiste original Prime 8 Aurélie Konaté Pink
34%
Artiste original Eval 5 Héléna et djebril Sheryfa Luna
33%
Artiste original Eval 1 Solo Calogero
32%
Artiste original Prime 10 Camille Lellouche Camille Lellouche
32%
Chanson Prime 9 Héléna Jeune demoiselle
32%
Chanson Eval 7 Solo Cassé
31%
Chanson Prime 10 Camille Lellouche N'insiste pas
31%
Chanson Prime 11 Solo Baby one more time
30%
Artiste original Prime 9 Héléna Diam's
30%
Chanson Prime 2 Les filles (sauf Margot) Will Survive / Survivor
30%
Chanson Prime 11 Tous les élèves Envole-moi
28%
Chanson Prime 10 Tous les élèves L'amitié
28%
Artiste original Prime 11 Héléna, Julien et Axel Michel Sardou
27%
Chanson Prime 5 Héléna Fireworks
26%
Chanson Prime 9 Héléna Tu m'oublieras
26%
Artiste original Prime 11 Solo Britney Spears
24%
Artiste original Prime 4 Tous élèves sauf nominés et Vianney & Gims
24%
Artiste original Prime 9 Héléna, Julien, Axel et Pierre Gims (ft Niska)
22%
Chanson Prime 8 Tous les élèves + Karima + Lucie (Star ac 4) Laissez-moi danser
22%
Artiste original Eval 7 Solo Nolwenn Leroy
22%
Chanson Prime 8 Candice, Julien et ... (Star ac 3) L'orange
21%
Chanson Prime 11 Tous les élèves et Marlène One love
21%
Chanson Prime 3 Mentissa Et bam
20%
Artiste original Prime 11 Bonnie Tyler Bonnie Tyler
19%
Artiste originam Prime 8 Tous les élèves + Karima + Lucie (Star ac 4) Dalida
19%
Chanson Eval 8 Solo i don't wanna be you anymore
19%
Artiste original Prime 9 Héléna Larusso
19%
Artiste original Prime 3 Mentissa Mentissa
19%
Artiste original Prime 5 Nej Nej
19%
Chanson Prime 9 Héléna, Julien, Axel et Pierre Sapés comme jamais
19%
Artiste original Prime 2 Les filles (sauf Margot) Série Glee
19%
Artiste original Prime 10 Djebril Biellie Eilish / Khalid
18%
Artiste original Prime 9 Tous les élèves Claude François
18%
Chanson Prime 5 Nej Paro
18%
Chanson Eval 2 Solo Et dans 150 ans
16%
Artiste original Prime 10 Tous les élèves Françoise Hardy
16%
Chanson Eval 4 Solo Je vole
16%
Artiste original Eval 4 Solo Louane
16%
Chanson Prime 8 Tous les élèves + anciennes promos Noël ensemble
16%
Artiste original Prime 8 Emma Daumas Serge Lama
16%
Artiste original Prime 11 Tous les élèves et Marlène Bob Marley / The wailers
15%
Chanson Prime 2 Tous les élèves sauf nominés L'important c'est d'aimer
15%
Artiste original Prime 8 Tous les élèves Mariah Carey
15%
Artiste original Prime 5 Mika Mika
15%
Artiste original Eval 2 Solo Raphaël
15%
Chanson Prime 8 Tous les élèves All i want for christmas is you
14%
Chanson Prime 4 Tous élèves sauf nominés et La même
14%
Artiste original Prime 3 Tous les élèves (et Nikos) Mickael Jackson
14%
Artiste original Prime 2 Tous les élèves sauf nominés Pascal Obispo
14%
Chanson Prime 11 Bonnie Tyler Total Eclipse of the heart
14%
Chanson Prime 9 Tous les élèves Alexandrie, Alexandra
13%
Artiste original Prime 4 Djébril Ménélik & Imane D
13%
Chanson Eval 6 Solo A Change is Gonna Come
11%
Chanson Prime 8 Emma Daumas D'aventures en aventures
11%
Chanson Prime 8 Héléna et Candice Jingle Bells
11%
Chanson Prime 5 Mika Relax
11%
Chanson Prime 11 Tous les élèves Footloose
10%
Chanson Prime 3 Tous les élèves (et Nikos) Heal the World
10%
Chanson Prime 5 Tous les élèves sauf nominés I'm still Standing
10%
Artiste original Prime 5 Tous les élèves sauf nominés Elton John
8%
Artiste original Prime 5 Héléna Lady gaga
8%
Artiste original Prime 6 Djebril Tal
8%
Artiste original Prime 8 Candice, Julien et ... (Star ac 3) Gilbert Bécaud
7%
Chanson Prime 6 Toutes les filles Les démons de minuit
7%
Chanson Prime 6 Djebril Le sens de la vie
7%
Artiste original Prime 9 non-nominés + Ofenbach
6%
Chanson Prime 9 non-nominés + Hurricane
5%
Artiste original Prime 6 Toutes les filles Images
4%
Artiste original Prime 7 Tous les élèves + Lost frequencies
4%
Chanson Prime 7 Tous les élèves + Where Are You Now
4%
Chanson Prime 9 non-nominés + Katchi
3%
Chanson Prime 7 Tous les élèves + Reality
3%
Chanson Prime 8 Tous les élèves Rockin' Around the Christmas Tree
3%
Chanson Prime 7 Tous les élèves + All Stand Together
2%
Artiste original Prime 8 Tous les élèves Brenda Lee
2%
Artiste original Prime 11 Tous les élèves Kenny Loggins
2%
Chanson Prime 11 Tous les élèves et Marlène People Get ready
2%
Artiste original Eval 6 Solo Sam Cooke
2%
Aucun quiz correspondant
Distribution des résultats
% des personnes avec chaque résultat
Percentile par nombre de réponses
Votre historique - résultats
Vous n’avez pas pris ce quiz